Größte Seen in Schweden - Statistiken

Allgemein
  • Dieses Quiz wurde 21 mal gespielt
  • Das Durchschnittsergebnis liegt bei 3 aus 10
Antwortstatistiken
Fläche See % Korrekt
5519 km² Vänern
89%
1886 km² Vättern
89%
1090 km² Mälaren
37%
292 km² Siljan
26%
456 km² Storsjön
26%
260 km² Akkajaure
16%
262 km² Hornavan
16%
330 km² Torneträsk
16%
477 km² Hjälmaren
11%
249 km² Uddjaure
5%
Keine übereinstimmenden Quizze gefunden
Verteilung der Resultate
Anzahl Personen mit jedem Resultat
Perzentil nach korrekt beantworteten Fragen
Ihre Resultats-Entwicklung
Sie haben dieses Quiz noch nicht gespielt